[Event "World Junior U20 Open 2018"]
[Site "Gebze"]
[Date "2018.09.07"]
[Round "3.1"]
[White "Jarmula, Lukasz"]
[Black "Maghsoodloo, Parham"]
[Result "0-1"]
[WhiteElo "2504"]
[BlackElo "2649"]
[Annotator "TA"]
[PlyCount "101"]
[EventDate "2018.09.05"]
[EventType "swiss"]
[EventCountry "TUR"]
[SourceTitle "playchess.com"]
[Source "ChessBase"]
[SourceQuality "1"]

{[%evp 19,101,26,33,31,31,26,28,27,28,17,33,17,24,20,52,43,58,33,36,33,39,37,37,38,44,44,50,50,56,45,54,46,38,37,37,37,37,37,37,2,37,40,55,52,48,44,53,58,69,69,55,30,70,65,70,79,68,54,62,22,83,74,167,180,204,-150,-159,-411,-298,-255,-11,-231,0,-29973,-29974,-29990,-4941,-29992,-29993,-29995,-29996,-29996,-29997,-29997]} 1. d4 Nf6 2. c4 e6 3. Nf3 a6 4. Nc3 d5 5. cxd5 exd5 6. Bg5 {D37: Damengambit (5.Lf4)} Be6 7. e3 Nbd7 8. Bd3 Bd6 (8... h6 9. Bf4 g5 10. Bg3 Nh5 11. Be5 Nhf6 12. Bg3 Nh5 13. Qb3 Nxg3 14. hxg3 {½-½ (48) Karjakin,S (2773)-Caruana,F (2822) Saint Louis 2018}) 9. O-O c6 10. Bf4 Qc7 {LiveBook: 12 Partien} 11. Bxd6 Qxd6 12. Qc2 O-O 13. h3 g6 {[#]} 14. Rab1 $146 a5 15. a3 b5 16. Ne2 {[%cal Bc3e2,Be2c1,Bc1b3][%mdl 32]} b4 17. axb4 axb4 18. Nc1 c5 19. dxc5 Nxc5 20. Nd4 Rfc8 21. Ncb3 Na4 22. Qe2 Bd7 23. Rfc1 Ne4 24. Ra1 Qf6 25. Bxe4 dxe4 26. Rxc8+ Rxc8 27. Qd2 Qd6 28. Rc1 Rxc1+ 29. Qxc1 f5 (29... Be6 $5) 30. h4 Kg7 31. Qd2 Kf6 32. Nc1 Be6 33. Nce2 Bf7 34. b3 Nb6 35. Qb2 {Und Sc6+ würde nun gewinnen.} Ke7 36. Qa1 Nd5 37. Qa8 {Sc6+ ist eine echte Drohung.} Be8 38. h5 Kf7 39. h6 Nf6 (39... Bd7 $1 $11 {hält das Gleichgewicht.}) 40. Nf4 $1 $16 g5 (40... Bd7 $16) 41. Nfe6 $18 Kg6 42. Ng7 $2 (42. Qa5 $18 Nd5 43. Nf8+ Qxf8 44. Qxd5) 42... Bd7 $17 {Droht ...f4 und aus.} 43. Qd8 $2 (43. Qh8 $17 Qe5 44. Nge6 Bxe6 45. Qg7+ Kh5 46. Qe7) 43... Qc5 44. Nge6 Qc1+ $1 45. Kh2 {[#] Droht stark Sf8+.} f4 $2 $40 {[%mdl 128] Schwarz hat einigen Angriff.} ({Weniger gut wäre} 45... Bxe6 46. Nxe6 Qa1 47. Qb6 $11) (45... Qe1 $1 $19 {( -> ...Sg4+)} 46. Nf8+ Kf7) 46. f3 $2 {[%mdl 8192] [#]} ({Jedoch nicht} 46. Nf8+ $2 Kf7 $19) (46. exf4 $11 Bxe6 47. Nxe6) 46... exf3 $1 ({Nicht} 46... Bxe6 47. Nxe6 exf3 48. Qd3+ Kh5 49. gxf3 $17) 47. exf4 Bxe6 (47... f2 $142 48. fxg5 Qg1+ 49. Kh3 Bxe6+ 50. Nxe6 Qh1+ 51. Kg3 Ne4+ 52. Kf4 f1=Q+ 53. Ke5 Qf5+ 54. Kd4 Qa1+ 55. Kd3 Nxg5+ 56. Ke3 Qe1+ 57. Kd4 Qee4#) 48. Nxe6 Qc2 {[%csl Gf3][%cal Rc2g2] Schwarz setzt Matt.} 49. f5+ Kh5 {[%csl Gf3][%cal Rc2g2]} 50. Ng7+ Kh4 {[%csl Gf3][%cal Rc2g2]} 51. Qd4+ {Precision: Weiß = 53%, Schwarz = 55%.} 0-1

[Event "World Junior U20 Open 2018"]
[Site "Gebze"]
[Date "2018.09.07"]
[Round "3.2"]
[White "Bellahcene, Bilel"]
[Black "Donchenko, Alexander"]
[Result "0-1"]
[WhiteElo "2501"]
[BlackElo "2614"]
[Annotator "TA"]
[PlyCount "100"]
[EventDate "2018.09.05"]
[EventType "swiss"]
[EventCountry "TUR"]
[SourceTitle "playchess.com"]
[Source "ChessBase"]
[SourceQuality "1"]

{[%evp 10,100,11,7,0,6,0,-4,-2,-19,-24,-43,-35,-39,-36,-64,-16,-15,-13,-19,-15,-17,-14,-33,-21,-36,-4,-20,0,-68,-40,-39,-28,-28,-33,-27,-33,-83,-38,-61,-41,-40,-51,-69,-10,-16,0,0,39,34,55,-2,28,-8,-19,-64,-49,-57,-51,-43,-42,-51,-29,-39,-35,-37,-29,-21,-22,-23,0,-89,-76,-87,-100,-230,-253,-182,-245,-209,-220,-293,-249,-384,-355,-465,-450,-410,-402,-445,-412,-813,-1064]} 1. e4 c6 2. d4 d5 3. exd5 cxd5 4. Nf3 Nc6 5. Ne5 a6 (5... e6 6. Bb5 Bd7 7. Nxd7 Qxd7 8. c3 Nf6 9. O-O Bd6 10. Nd2 O-O 11. Re1 Qc7 12. g3 Rfe8 {½-½ (66) Andreikin,D (2710)-Kobalia,M (2619) Satka 2018}) 6. c4 {LiveBook: 3 Games. B13: Caro-Kann: Exchange Variation and Panov-Botvinnik Attack} e6 7. Nxc6 bxc6 8. Nc3 $146 {The position is equal.} ({Predecessor:} 8. c5 e5 9. Be3 f6 10. dxe5 Qa5+ 11. Nc3 Bxc5 12. exf6 Nxf6 {1-0 (47) Rostek,B-Steinig,H Dortmund 1999}) 8... Bd6 9. Be2 Ne7 10. Bg5 O-O 11. Qd2 Rb8 12. Rb1 f6 13. Be3 Nf5 14. O-O Qc7 15. g3 Kh8 16. Rfe1 Qf7 17. Bf3 Qg6 18. Bg2 Nxe3 19. fxe3 ({White should play} 19. Qxe3 $11 Bc7 20. Na4) 19... f5 20. c5 Bc7 21. b4 h5 22. Ne2 Qh6 23. Rf1 Bd7 24. h4 g5 25. hxg5 $1 Qxg5 26. Rf3 {[#]} h4 ({Black should try} 26... a5 $1 $15 {[%mdl 512]}) 27. gxh4 $11 Qg4 28. Nf4 Rf7 29. Qf2 {And now Rg3 would win.} Rg8 30. h5 (30. Kh1 $14) 30... Rh7 31. Ng6+ Kg7 32. Rh3 Kf6 {Hoping for ...Rxg6.} 33. Rh4 Bg3 34. Rxg4 Bxf2+ 35. Kxf2 fxg4 36. Kg3 Rxh5 37. Ne5 Rxe5 (37... Ke7 {looks sharper.} 38. a4 Rg7 39. Rb2 Rgg5 40. Bf1 Be8) 38. dxe5+ Kxe5 $15 {[%mdl 4096] Endgame KRB-KRB} 39. Rh1 Be8 {White must now prevent ...Bg6.} 40. Rh7 (40. Rh4 $1 $11 {keeps the balance.}) 40... Bg6 $17 41. Rc7 {[#]} a5 $1 {[%mdl 512]} 42. bxa5 (42. Rxc6 $17 axb4 43. Rb6) 42... Ra8 $19 43. Rxc6 Rxa5 44. Kxg4 Rxa2 45. Bf1 Ra3 46. Kf3 {[#]} (46. Kg3 $142) 46... d4 $1 47. Ra6 Rxe3+ 48. Kf2 Rc3 49. c6 Rc2+ 50. Ke1 (50. Kg3 $142) 50... Rc1+ {Precision: White = 41%, Black = 66%.} 0-1

[Event "World Junior U20 Open 2018"]
[Site "Gebze"]
[Date "2018.09.07"]
[Round "3.3"]
[White "Karthikeyan, Murali"]
[Black "Karthik Venkataraman"]
[Result "1/2-1/2"]
[WhiteElo "2605"]
[BlackElo "2519"]
[Annotator "TA"]
[PlyCount "134"]
[EventDate "2018.09.05"]
[EventType "swiss"]
[EventCountry "TUR"]
[SourceTitle "playchess.com"]
[Source "ChessBase"]
[SourceQuality "1"]

{[%evp 20,134,-13,-22,-15,-15,-13,-15,-13,-28,-24,-7,0,0,0,0,0,0,0,0,0,-7,14,0,6,0,0,0,0,0,1,0,0,3,60,59,70,55,137,137,137,137,137,58,137,137,137,137,228,144,144,144,144,111,111,111,113,0,0,0,0,0,0,0,0,0,0,0,0,0,0,0,0,0,0,0,0,0,0,0,0,0,0,0,0,0,0,0,0,0,0,0,0,0,0,0,0,0,0,0,0,0,0,0,0,0,0,0,0,0,0,0,0,0,0,0,0]} 1. Nf3 d5 2. g3 c5 3. Bg2 Nf6 4. O-O e6 5. d4 cxd4 6. Nxd4 e5 7. Nb3 Be6 8. Bg5 {D02: 1 d4 d5 2 Nf3 sidelines, including 2...Nf6 3 g3 and 2...Nf6 3 Bf4} Nbd7 9. Nc3 (9. e4 dxe4 10. Bxe4 Qc7 11. Bg2 Be7 12. Nc3 O-O 13. Re1 Rad8 14. Qe2 h6 15. Bxf6 Bxf6 {½-½ (107) Caruana,F (2802)-Nakamura,H (2786) chess.com INT 2017}) 9... Be7 10. Qd3 O-O 11. Rad1 {[%cal Rc3d5] LiveBook: 4 Games} d4 12. Bxf6 Nxf6 13. Ne4 Qc7 14. c3 Nxe4 15. Bxe4 f5 16. Bg2 $146 dxc3 17. Bd5 Bxd5 18. Qxd5+ Kh8 {[#] Hoping for ...Rad8.} 19. bxc3 Rac8 20. c4 Qxc4 21. Qxe5 Bf6 22. Qxf5 Qxe2 23. Rd2 Qe8 24. Qd7 Qxd7 25. Rxd7 Rc2 26. a4 Rc4 ({Better is} 26... b6 $11) 27. Rxb7 $14 Rxa4 28. Nc5 $1 {[%cal Rc5a4]} Rc4 (28... Ra5 $14 29. Nd7 Ra8) 29. Nd7 $16 Rfc8 30. Nxf6 ({Don't play} 30. Rxa7 Bd4 $14) 30... gxf6 {[%mdl 4096] Endgame KRR-KRR} 31. Rf7 (31. Rxa7 $16 R8c7 32. Rfa1) 31... R8c6 (31... a5 $1 $14) 32. Rd1 {[%cal Rd1d8] [#]} Rc1 33. Rxc1 Rxc1+ {KR-KR} 34. Kg2 Rc6 35. Rxa7 Kg8 36. Kh3 Rc2 37. f4 Rf2 38. Kg4 ({White should play} 38. Rc7 $16) 38... Rxh2 $11 {The position is equal.} 39. Kf5 Rh6 40. Ke6 Rg6 41. Ra3 {Strongly threatening f5.} (41. f5 {feels hotter.} Rxg3 42. Ra8+ Kg7 43. Ra7+ Kh6 44. Kxf6) 41... h5 42. f5 (42. Kf5 {keeps more tension.} Rh6 43. Ra2 Kf7 44. Ke4 Kg6 45. Rh2) 42... Rh6 43. Ra4 Kg7 44. Rd4 Kg8 45. Rc4 Kg7 46. Rb4 Kg8 47. Ra4 Kg7 (47... Kh8 {is interesting.} 48. g4 hxg4 49. Rxg4) 48. Rc4 Kg8 49. Rd4 {Threatens to win with Rd8+.} Kg7 50. Rd7+ Kg8 51. Rd1 Kg7 52. Ke7 Rh8 53. Rd7 Rh6 54. Ke8+ Kg8 55. Rf7 h4 56. Rf8+ Kg7 57. Rf7+ Kg8 58. gxh4 Rxh4 59. Rxf6 Re4+ 60. Re6 Ra4 61. Rg6+ Kh7 62. Rd6 Kg8 63. Ke7 {And now Kf6 would win.} Ra7+ 64. Ke6 {aiming for Rd8+.} Kg7 65. Rb6 Rf7 {...Rf6+ is the strong threat.} 66. Ke5 Re7+ 67. Re6 Ra7 {Precision: White = 72%, Black = 75%.} 1/2-1/2

[Event "World Junior U20 Open 2018"]
[Site "Gebze"]
[Date "2018.09.07"]
[Round "3.4"]
[White "Tang, Andrew"]
[Black "Xu, Xiangyu"]
[Result "1-0"]
[WhiteElo "2489"]
[BlackElo "2586"]
[Annotator "TA"]
[PlyCount "101"]
[EventDate "2018.09.05"]
[EventType "swiss"]
[EventCountry "TUR"]
[SourceTitle "playchess.com"]
[Source "ChessBase"]
[SourceQuality "1"]

{[%evp 13,101,7,11,12,30,33,33,30,39,15,39,38,63,65,71,50,64,67,68,46,68,48,104,64,73,18,75,49,54,50,51,45,47,-57,0,-51,0,0,0,0,0,0,0,0,0,-20,0,0,35,52,48,34,58,14,352,343,456,420,360,189,189,189,194,184,185,184,180,183,252,229,268,266,364,373,385,385,413,413,405,404,386,370,29961,29960,6818,6236,6236,6225,6115,4845]} 1. d4 d6 2. c4 e5 3. Nf3 e4 4. Nfd2 f5 5. e3 Nf6 6. Nc3 g6 7. Be2 {A21: English Opening: 1...e5 2 Nc3} Bh6 {LiveBook: 3 Games} 8. b4 {[%cal Bb2b4,Bb4b5][%mdl 32]} Nc6 9. b5 {White has an edge.} Ne7 10. a4 O-O 11. g3 g5 $146 ({Predecessor:} 11... Be6 12. Nb3 Bf7 13. h4 Re8 14. Ba3 Kh8 15. Qc2 {1-0 (49) Sokolov,I (2676)-Danielsen,H (2511) Helsingor 2012}) 12. h4 gxh4 13. Rxh4 Bg7 14. Qc2 Be6 15. Ba3 Ng6 16. Rh2 Rf7 17. Nb3 c6 (17... a6 $14) 18. Rd1 Rc8 19. Qd2 ({White should play} 19. Kf1 $16) 19... Re7 (19... c5 $11) 20. a5 Bf7 21. a6 bxa6 22. bxc6 Rxc6 23. d5 (23. Nb1 $14) 23... Rc8 (23... Rxc4 $5 24. Bxc4 Rc7 $11) 24. Nd4 Qd7 (24... Ng4 $15 25. Rh5 N6e5 26. Rxf5 Nxc4 27. Bxc4 Rxc4) 25. Nc6 $11 Ree8 26. Kf1 Ng4 27. Bxg4 fxg4 28. Ne2 Ne5 29. Nxe5 Bxe5 ({But not} 29... Rxe5 30. Bb2 $14) 30. Qc2 Qb7 {[#] ...Bxd5! is the strong threat.} 31. Nf4 $36 {[%mdl 2048] White is pushing.} Qb5 32. Rc1 $1 Qa5 {Hoping for ...Bxf4.} 33. Bb2 Bxb2 $4 {[%mdl 8192]} (33... Qa2 $11 {and Black is okay.} 34. Bxe5 Qxc2 35. Rxc2 dxe5) 34. Qxb2 $18 Re5 35. Rh6 Qb6 36. Qxb6 (36. Qa1 $142) 36... axb6 37. Rxd6 Rc5 38. Rxb6 Bxd5 39. Nxd5 Rexd5 40. Rxa6 {[%mdl 4096] Endgame KRR-KRR} ({Much less strong is} 40. cxd5 $6 Rxc1+ 41. Kg2 a5 $16) 40... Re5 {[#]} (40... Rd2 $142) 41. Ra7 $1 Rf5 42. Re7 Rce5 43. Rxe5 Rxe5 {KR-KR} 44. c5 {[%cal Bc4c5,Bc5c6,Bc6c7][%mdl 32]} Kf7 45. c6 {And now c7 would win.} Re8 46. c7 Rc8 47. Rc4 h5 $2 (47... Kf6 $18 48. Rxe4 Rxc7 49. Rxg4 Rc2) 48. Ke2 Kf6 49. Kd2 {White is clearly winning.} Ke5 50. Kc3 Kd5 51. Kb4 {Precision: White = 55%, Black = 30%.} 1-0

[Event "World Junior U20 Open 2018"]
[Site "Gebze"]
[Date "2018.09.07"]
[Round "3.5"]
[White "Firouzja, Alireza"]
[Black "Asadli, Vugar"]
[Result "1-0"]
[WhiteElo "2582"]
[BlackElo "2492"]
[Annotator "TA"]
[PlyCount "85"]
[EventDate "2018.09.05"]
[EventType "swiss"]
[EventCountry "TUR"]
[SourceTitle "playchess.com"]
[Source "ChessBase"]
[SourceQuality "1"]

{[%evp 23,85,10,32,34,28,29,20,0,0,-5,15,0,0,0,0,0,0,0,0,-37,-40,-52,25,0,71,63,148,145,135,133,146,131,253,237,204,204,360,324,582,555,530,389,376,389,354,354,264,203,152,66,77,0,0,1,293,199,362,353,235,223,634,297,29994,29995]} 1. e4 e6 2. d4 d5 3. Nd2 c5 4. Ngf3 cxd4 5. Nxd4 Nc6 6. Bb5 Bd7 7. Nxc6 bxc6 8. Bd3 Bd6 {C07: French Tarrasch: 3...c5, 4 Ngf3 and 4 exd5 Qxd5} 9. Qe2 Ne7 10. O-O (10. Nf3 h6 11. c4 O-O 12. O-O a5 13. Re1 a4 14. Bd2 Rb8 15. Bc3 Bb4 16. Ne5 Bxc3 17. bxc3 {½-½ (52) Navara,D (2740)-Kovalenko,I (2639) Katowice 2017}) 10... Qc7 11. Nf3 Ng6 12. Re1 Nf4 {LiveBook: 14 Games} 13. Bxf4 Bxf4 14. e5 O-O {[#]} 15. c4 $146 ({Predecessor:} 15. g3 Bh6 16. h4 c5 {1-0 (44) Gopal,G (2580)-Nihal,S (2471) Pardubice 2017}) 15... c5 16. h4 {[%cal Bh2h4,Bh4h5][%mdl 32]} g6 17. h5 dxc4 18. Bc2 Rab8 19. Qxc4 Rb4 (19... Rxb2 $6 20. Qxf4 Rxc2 21. Qh6 $16) 20. Qc3 Rfb8 (20... gxh5 $6 21. a3 $16 (21. Qd3 f5 $16)) 21. g3 {hxg6 is the strong threat.} Bh6 22. b3 {[%cal Bb2b3,Bb3c4,Bc4c5][%mdl 32]} c4 (22... gxh5 23. Qd3 $16) (22... Bc6 $1 $15) 23. Nh2 {[%cal Bf3h2,Bh2g4,Bg4f6][%mdl 32]} Bg7 (23... Qc8 $11 {remains equal.}) 24. Ng4 $1 $16 R8b7 (24... Qd8 $14) 25. Re4 $1 Bc6 26. Rxc4 Rxc4 27. bxc4 Qb6 (27... Rb8 $16) 28. Rd1 $18 Rb8 29. Nf6+ Kh8 $2 (29... Bxf6 {keeps fighting.} 30. exf6 Rd8 31. Rxd8+ Qxd8) 30. hxg6 hxg6 $2 (30... fxg6 31. c5 Qb5) 31. c5 Qb7 32. Qd4 Bxf6 33. exf6 {Intending Qh4+ and mate.} Qb2 34. Qf4 {Threatening mate with Qh6+.} Kh7 35. g4 $40 {[%cal Bg3g4,Bg4g5][%mdl 160] Black is in trouble.} Re8 36. Ba4 (36. Rd3 $16 {White threatens Rh3+ and mate.} Kg8 37. Ba4 Bxa4 38. Qxa4) 36... Qe2 $14 37. Rf1 (37. Rc1 $1 $16 Bxa4 38. Qxa4) 37... Bxa4 $11 38. Qxa4 {Threatens to win with g5. KQR-KQR} Qf3 $2 {[%mdl 8192]} (38... g5 $11 {and Black stays safe.}) 39. g5 $1 $18 ({Worse is} 39. Qxe8 Qxg4+ 40. Kh2 Qh5+ 41. Kg3 Qg5+ 42. Kh3 (42. Kf3 Qxf6+ 43. Kg2 Qg5+ 44. Kh3 Qf5+ 45. Kg3 Qg5+ 46. Kh2 Qh4+ 47. Kg2 Qg4+ 48. Kh1 Qh4+ 49. Kg1 Qg4+ 50. Kh2 Qh4+ 51. Kg1 Qg5+ 52. Kh2 Qf4+ 53. Kh1 Qh4+ 54. Kg2 Qg4+ 55. Kh2 Qh4+ $11) 42... Qh5+ 43. Kg3 Qg5+ 44. Kf3 Qxf6+ 45. Kg2 Qg5+ 46. Kh3 Qh5+ 47. Kg2 Qg5+ 48. Kf3 Qf5+ 49. Kg3 Qg5+ 50. Kf3 Qf5+ 51. Kg3 Qg5+ 52. Kf3 $11) 39... Rd8 $2 {[#]} (39... Rc8) 40. Qh4+ $1 Kg8 {[#]} 41. c6 $1 {[%cal Rc6c7][%mdl 512] Black must now prevent c7.} Rc8 $2 (41... Rd1 42. c7 Rxf1+ 43. Kxf1 Qc3) (41... Qxc6 42. Qh6) 42. Rc1 (42. Re1 $142 {White wants to mate with Qh6.} Qh5 43. Qxh5 gxh5 44. Rc1) 42... e5 $2 ({Don't go for} 42... Rxc6 $2 43. Rxc6 Qh5 44. Qxh5 $18) (42... Rd8 $18 43. Qg3 Rd1+ 44. Rxd1 Qxd1+ 45. Kh2 Qd4) 43. Qh6 {Precision: White = 60%, Black = 27%.} 1-0

[Event "World Junior U20 Open 2018"]
[Site "Gebze"]
[Date "2018.09.07"]
[Round "3.6"]
[White "Aravindh, Chithambaram VR"]
[Black "Sadikhov, Ulvi"]
[Result "1-0"]
[WhiteElo "2578"]
[BlackElo "2491"]
[Annotator "TA"]
[PlyCount "61"]
[EventDate "2018.09.05"]
[EventType "swiss"]
[EventCountry "TUR"]
[SourceTitle "playchess.com"]
[Source "ChessBase"]
[SourceQuality "1"]

{[%evp 19,61,73,66,53,54,42,53,52,52,49,62,68,80,64,88,91,87,97,102,82,150,145,154,147,352,358,423,423,423,413,434,434,413,435,433,416,594,605,618,612,604,595,574,565]} 1. e4 c5 2. Nf3 e6 3. d4 cxd4 4. Nxd4 a6 5. Bd3 Nf6 6. O-O Qc7 7. Qe2 d6 8. c4 Nc6 9. Nxc6 {B42: Sicilian: Kan Variation: 5 Bd3} Qxc6 10. Nc3 (10. f4 Be7 11. b3 O-O 12. Bb2 e5 13. Nc3 Bg4 14. Qc2 exf4 15. Nd5 Nxd5 16. exd5 Qc5+ {1-0 (42) Smeets,J (2617)-Izsak,G (2443) Germany 2016}) 10... Be7 {LiveBook: 3 Games} 11. Bg5 {White is slightly better.} h6 $146 ({Predecessor:} 11... O-O 12. Rae1 Qd7 13. f4 Ne8 14. Bxe7 Qxe7 15. e5 g6 16. Qf3 Rb8 {1-0 (44) Schwarz,D (2183)-Arendas,M (2174) Bratislava 2002}) 12. Bh4 Qc5 13. Rad1 Bd7 14. Kh1 Bc6 15. f3 {[%cal Bf2f3,Bf3f4,Bf4e5][%mdl 32]} O-O 16. f4 Rfe8 17. e5 dxe5 18. fxe5 Nd7 19. Bg3 $1 $36 {[%cal Bh4g3,Bg3f2,Bf2d4][%mdl 2080] Keeping Black busy.} Bg5 (19... Rad8 $142) 20. Ne4 $16 Qe3 {[#]} 21. Qc2 $1 Bxe4 $2 (21... Be7 $16 22. Rfe1 Qb6) 22. Bxe4 $18 Rad8 {[#]} 23. Bf2 $1 {[%cal Rf2e3]} Qf4 24. Bd4 Qh4 {intending ...Bf4.} 25. g3 Qg4 26. Bf3 Qh3 27. Bxb7 f6 (27... Qg4 $142 28. Bf3 (28. Bxa6 Nf6 $18) 28... Qh3) 28. Qe2 {White is clearly winning.} h5 29. Bg2 Qg4 30. Bf3 Qh3 31. Bxh5 {Precision: White = 98%, Black = 43%.} 1-0

[Event "World Junior U20 Open 2018"]
[Site "Gebze"]
[Date "2018.09.07"]
[Round "3.7"]
[White "Sindarov, Javokhir"]
[Black "Tabatabaei, M amin"]
[Result "1-0"]
[WhiteElo "2484"]
[BlackElo "2576"]
[Annotator "TA"]
[PlyCount "87"]
[EventDate "2018.09.05"]
[EventType "swiss"]
[EventCountry "TUR"]
[SourceTitle "playchess.com"]
[Source "ChessBase"]
[SourceQuality "1"]

{[%evp 31,87,8,8,0,39,33,34,42,59,25,24,29,29,37,29,0,36,19,13,6,14,0,0,0,6,0,6,6,23,39,30,47,223,204,211,211,281,275,271,252,256,150,531,256,415,401,583,577,548,540,492,484,1937,1662,2262,2148,6536,5692]} 1. e4 c5 2. Nc3 Nc6 3. Nf3 e6 4. d4 cxd4 5. Nxd4 Nf6 6. Nxc6 bxc6 7. e5 Nd5 8. Ne4 Qc7 9. f4 Qb6 10. c4 Bb4+ 11. Ke2 f5 12. exf6 Nxf6 {B45: Sicilian Four Knights} 13. Be3 Qd8 14. Nd6+ Bxd6 15. Qxd6 Bb7 (15... Qe7 16. Bc5 Qf7 17. Ke3 g5 18. Be2 g4 19. Rac1 h5 20. Rc3 Qg7 21. Bd3 Kf7 22. Kd2 Re8 23. Re1 Qh6 24. Kc2 a5 25. Re5 Nh7 26. Rf5+ Kg8 27. Qe5 {1-0 (27) Vidit,S (2718)-Krasenkow,M (2671) Wijk aan Zee 2018}) 16. Rd1 Rc8 {LiveBook: 3 Games} 17. Qc5 d5 (17... Qb6 $5) 18. g3 Ne4 19. Qxa7 Qd7 $146 ({Predecessor:} 19... O-O 20. Qxb7 {0-1 (31) Majdan,J (2378)-Ushenina,A (2438) Reykjavik 2015}) 20. Qd4 {Black must now prevent Qe5.} (20. Bg2 {looks sharper.} Nd6 21. b3 O-O 22. a4 Nf5 23. Rhe1) 20... c5 21. Qxe4 $1 dxe4 22. Rxd7 Kxd7 23. Bh3 g6 24. Rd1+ {[%mdl 1024] White has compensation.} Ke7 25. b3 h5 26. Bf2 Rc7 27. Rd2 Rf8 28. Be3 Rfc8 29. Bf1 Rd8 30. Rxd8 Kxd8 $11 {[%mdl 4096] Endgame KRB-KB} 31. b4 {[%cal Bb3b4,Bb4b5][%mdl 32]} Rd7 $2 ({Black should try} 31... Rc6 $14) 32. Bxc5 Rd3 {[#]} 33. b5 $1 h4 34. gxh4 Bc8 35. Ke1 Rf3 36. Bd6 (36. a4 $18) 36... e3 $2 (36... Kd7 $16 {is a better chance.} 37. c5 Re3+ 38. Kd2 Ra3) 37. Be2 (37. Be5 $142) 37... Rh3 $2 (37... Rf2 38. c5 e5) 38. Be5 Bb7 {[#]} (38... Rxh2 $142 39. c5 Rh1+ 40. Bf1 Bd7) 39. f5 $1 $18 {White is clearly winning.} exf5 40. Bg3 Bg2 41. c5 Bd5 (41... g5 $142 42. hxg5 f4 43. Bxf4 Rh4 44. Bxe3 Bd5) 42. Bf1 Rxg3 43. hxg3 Bxa2 44. Bd3 {Precision: White = 53%, Black = 30%.} 1-0

[Event "World Junior U20 Open 2018"]
[Site "Gebze"]
[Date "2018.09.07"]
[Round "3.8"]
[White "Harsha Bharathakoti"]
[Black "Pichot, Alan"]
[Result "1-0"]
[WhiteElo "2474"]
[BlackElo "2562"]
[Annotator "TA"]
[PlyCount "57"]
[EventDate "2018.09.05"]
[EventType "swiss"]
[EventCountry "TUR"]
[SourceTitle "playchess.com"]
[Source "ChessBase"]
[SourceQuality "1"]

{[%evp 19,57,32,38,30,63,44,93,50,85,79,68,68,73,47,70,66,104,25,35,41,40,43,36,-26,21,21,31,20,25,39,189,154,199,210,229,180,474,481,452,396]} 1. c4 Nf6 2. Nc3 g6 3. e4 d6 4. d4 Bg7 5. f3 O-O 6. Be3 c6 7. Nge2 a6 8. c5 b5 {E81: King's Indian: Sämisch: 6th move deviations (including 6 Be3 c6)} 9. cxb6 (9. cxd6 exd6 10. Nf4 Re8 11. Be2 b4 12. Na4 Nd5 13. Bc1 Nb6 14. Nxb6 Qxb6 15. Be3 d5 16. Qd3 dxe4 17. fxe4 {1-0 (61) Carlsen,M (2881)-Grischuk,A (2792) Dubai 2014 CBM 160 Extra [CB]}) 9... Nbd7 10. Nf4 Nxb6 {LiveBook: 4 Games. White is slightly better.} 11. Be2 d5 $146 ({Predecessor:} 11... a5 12. O-O a4 13. Rc1 Ba6 14. Bxa6 Rxa6 15. Qe2 Qa8 16. Rc2 {1-0 (44) Bocharov,D (2575)-Kryakvin,D (2562) Nizhny Tagil 2014}) 12. O-O Rb8 13. Rc1 Nfd7 {[#]} 14. e5 $1 Nc4 15. Bxc4 $1 dxc4 16. Na4 Nb6 17. Nc5 Nd7 18. Nxd7 (18. Rxc4 $16 {b3 is the strong threat.} Nxc5 19. Rxc5) 18... Bxd7 $11 19. Rxc4 Rxb2 20. Qa1 Qb6 21. Re1 (21. Nd3 $14 Re2 22. Nc5) 21... Bf5 22. g4 Bb1 {[#]} 23. Rxc6 $1 {[%mdl 512]} Qb4 {[%cal Rb4e1]} (23... Qxc6 24. Qxb2) 24. Rcc1 Bc2 (24... Rb8 $14) 25. Re2 $36 {[%mdl 2048] White is really pushing.} Qa3 26. Nd5 Rxa2 {[#]} 27. Qc3 $1 {[%cal Rc3a3]} e6 $2 (27... Ba4) 28. Qxa3 $18 ({Less strong is} 28. Rcxc2 exd5 29. Qxa3 Rxa3 $16) 28... Rxa3 29. Ne7+ {Precision: White = 68%, Black = 34%.} ({Weaker is} 29. Rcxc2 exd5 30. Ra2 Rxa2 $16) 1-0

[Event "World Junior U20 Open 2018"]
[Site "Gebze"]
[Date "2018.09.07"]
[Round "3.9"]
[White "Vavulin, Maksim"]
[Black "Sargsyan, Shant"]
[Result "1/2-1/2"]
[WhiteElo "2559"]
[BlackElo "2477"]
[Annotator "TA"]
[PlyCount "99"]
[EventDate "2018.09.05"]
[EventType "swiss"]
[EventCountry "TUR"]
[SourceTitle "playchess.com"]
[Source "ChessBase"]
[SourceQuality "1"]

{[%evp 16,99,18,0,10,-14,-13,-16,-27,-18,0,0,49,56,35,11,11,0,21,18,8,20,13,8,17,4,8,0,26,18,22,0,0,0,0,0,0,0,0,0,3,4,6,0,0,0,6,1,16,18,80,74,122,124,117,122,122,18,18,25,27,21,16,8,14,0,0,0,0,0,0,0,0,0,0,0,0,0,0,0,0,0,0,0,0,0]} 1. e4 e5 2. Nf3 Nc6 3. d4 exd4 4. Nxd4 Bc5 5. Nb3 Bb6 6. Nc3 d6 7. Bb5 {C45: Schottische Partie} Nf6 8. Bg5 h6 9. Bh4 {LiveBook: 3 Partien} O-O 10. O-O Ne5 11. Kh1 Ng6 $146 ({Vorgänger:} 11... c6 12. Be2 Ng6 13. Bg3 Re8 14. Bf3 Ne5 15. a4 Be6 16. Be2 {1-0 (45) Chernyshov,K (2567)-Feoktistov,A (2449) Voronezh 2007}) 12. Bg3 Bd7 (12... a6 {is interesting.} 13. Bd3 Re8 14. f4 Bd7 15. a4 Bc6) 13. a4 Bxb5 14. axb5 Re8 15. Ra4 Qd7 16. h3 a6 17. bxa6 Rxa6 18. Rxa6 bxa6 19. Qd3 Qe6 {[%cal Rf6e4]} 20. Nd2 Ba5 21. f3 Bxc3 22. Qxc3 d5 23. e5 Nh5 24. f4 {Weiss will Lh2 spielen.} d4 25. Qd3 Nxg3+ 26. Qxg3 Qf5 27. Qd3 Qxd3 28. cxd3 $11 {[%mdl 4096] Endspiel KTS-KTS} Ne7 29. Rc1 Nd5 30. g3 Rb8 31. b3 Kf8 32. Kg2 Ke7 (32... f6 $11) 33. Kf3 $16 Nc3 34. Ra1 Rb6 35. Ra5 Kd7 36. Ne4 (36. g4 $16) 36... Nxe4 $1 $11 37. Kxe4 Rxb3 38. Rxa6 {Und weiter mit f5 wäre nett. KT-KT} Rb1 {Die Stellung ist ausgeglichen.} 39. Kxd4 Rh1 40. Ke4 Rxh3 41. Kf3 Rh1 42. d4 Rd1 43. Ke4 Rg1 44. Ra3 g6 45. Rc3 c6 46. Ra3 Re1+ 47. Kd3 Rd1+ 48. Ke3 Re1+ 49. Kd3 Rd1+ 50. Ke4 {Precision: Weiß = 55%, Schwarz = 69%.} 1/2-1/2